000 00666nam a22002177a 4500
003 UA-OsUOA
001 136053
007 ta
008 20190304b un ||||| |||| 00| 0 ukr d
100 _aЗернецька О. В.
090 _a93
_bЗ-58
942 _cSA
040 _aUA-OsUOA
_bukr
_cUA-OsUOA
_dUA-OsUOA
245 _aДосвід боротьби із сепатаризмом у Великій Британії
300 _aС.132-145
955 _a0
041 _aukr
080 _a93
773 0 _w136043
_tПроблеми всксвітньої історії
_dК.
_d2018
_g2
650 7 _a9 Географія. Біографії. Історія
_2UDC
999 _c409194
_d409194